| 000 | 01107nam a22001937a 4500 | ||
|---|---|---|---|
| 999 |
_c59494 _d59494 |
||
| 003 | Ge_BSU | ||
| 005 | 20230525110842.0 | ||
| 008 | 230301s2004 ge ||||| |||| 00| 0 geo d | ||
| 020 | _a9994080466 | ||
| 041 | _ageo | ||
| 080 | _a342.5 ა-26 | ||
| 245 |
_aადამიანის უფლებათა ევროპული სასამართლოს პრეცედენტული სამართალი = Case Law of the European Court of Human Rights / _c[მასალები მოიძია და მოამზადა ბესარიონ ბოხაშვილმა]. |
||
| 264 |
_aთბილისი : _b[საქ. ახალგაზრდა იურისტთა ასოციაცია], _c2004. |
||
| 300 |
_a405 გვ.; _b24 სმ. |
||
| 504 | _aბიბლიოგრ. ტექსტ. შენიშვნ. | ||
| 653 | _aადამიანის უფლებათა ევროპული სასამართლო | ||
| 700 |
_aბოხაშვილი, ბესარიონ _96433 |
||
| 942 |
_2udc _cBK |
||